|
|
|
|
| LEADER |
00000nab a2200000 a 4500 |
| 001 |
vtls010627848 |
| 003 |
SK-MaSNL |
| 005 |
20260305031728.0 |
| 008 |
141014 2014 xo q 000 0 slo |
| 038 |
|
|
|a PPPK
|
| 040 |
|
|
|a PPPKCL
|b slo
|c PPPK
|e AACR2
|
| 041 |
0 |
|
|a slo
|
| 044 |
|
|
|a xo
|c SK
|
| 080 |
|
|
|a 352
|x (437.6)
|2 2001
|
| 080 |
|
|
|a 711.4
|x (437.6)
|2 2001
|
| 080 |
|
|
|a 061
|2 2001
|
| 245 |
0 |
0 |
|a Pracovné stretnutie podtatranských starostov a primátorov
|
| 500 |
|
|
|a Autor článku nie je uvedený.
|
| 610 |
2 |
7 |
|a Regionálne združenie tatranských a podtatranských obcí
|2 pppkcl
|9 1049431
|
| 648 |
|
7 |
|a 10.2.2014
|2 pppkcl
|9 1610154
|
| 650 |
0 |
7 |
|a obce
|2 pppkcl
|9 2935
|
| 650 |
0 |
7 |
|a mestá
|2 pppkcl
|9 2929
|
| 650 |
0 |
7 |
|a inštitúcie a organizácie
|2 pppkcl
|9 66282
|
| 650 |
0 |
7 |
|a pracovné stretnutia
|2 pppkcl
|9 513273
|
| 651 |
|
7 |
|a Spišská Belá (Slovensko)
|2 pppkcl
|9 16198
|
| 651 |
|
7 |
|a Kežmarok (Slovensko : okres)
|2 pppkcl
|9 51824
|
| 773 |
0 |
|
|t Spišskobeliansky spravodaj
|g Roč. 12, č. 1 (2014), s. 5
|
| 852 |
|
|
|a PPPK
|b KIS3GCP
|
| 999 |
|
|
|c 3317213
|d 3319143
|